| 000 | 00384nam a2200169Ia 4500 | ||
|---|---|---|---|
| 001 | 15113 | ||
| 008 | 140403s9999 xx 000 0 und d | ||
| 020 | _a0-201-82826-x | ||
| 040 | _cPK-LaUMT | ||
| 082 |
_a 515 _bADA-S |
||
| 100 | _aAdams, Robert A. | ||
| 245 |
_aCalculus : Single-variable _cAdams, Robert A. |
||
| 260 | _c1995 | ||
| 300 | _a660 p | ||
| 546 | _aEN | ||
| 942 | _cBK | ||
| 999 |
_c15647 _d15647 |
||